000 00459nam a2200205Ia 4500
005 20250425162652.0
008 250425s9999 xx 000 0 und d
020 _a01154389
041 _aeng
043 _aph
082 _a639.3
245 0 _aDETRITUS AND MICROBIAL ECOLOGY IN AQUACULTURE
250 _aS.E
260 _aFilipinas
_bICLARM
_c1987
260 _aMANILA
300 _a420
650 _aACUACULTURA
942 _c01
010 _a95367
999 _c233994
_d233994